000 00796cab a2200277 4500
001 ABS51826
008 090401t1994 xxu||||| |||| 00| 0 eng d
035 _a(Sirsi) u45501
041 _aeng
100 _aDavis, L.
245 _aPooling resources
260 _c1994
350 _a0
490 _aBuilding Economist
_vNovember 1994, 4-5(2)
520 _aHighlights the benefits gained for QS Beard Dove and management consultant Capita, following the merger of the two companies.
650 _aBEARD DOVE
650 _aCAPITA
650 _aManagement consultancy
_96255
650 _aMANAGEMENT CONSULTANTS
650 _aMERGERS
650 _aQUANTITY SURVEYORS
690 _aPROFESSIONAL PRACTICE
690 _aQuantity surveying
_96263
942 _n0
948 _c04/03/1997
999 _c28849
_d28849